| 000 | 00840nam a2200241 a 4500 | ||
|---|---|---|---|
| 001 | 72806 | ||
| 003 | BD-RjUL | ||
| 005 | 20211209082318.0 | ||
| 008 | 170523s1961 nyua b 100 0 engm | ||
| 035 | _a(BD-RjUL)73024 | ||
| 040 |
_aDLC _cDLC _dm.c. _dMYG _dBD-RjUL _beng |
||
| 041 | _aeng | ||
| 082 |
_223 _a537.5 _bPRO 1961 |
||
| 245 | 1 | 0 |
_aProceedings of the Symposium on active networks and feadback systems / _cJerome Fox |
| 260 |
_aBrooklyn : _bPolytechnic Press; distributors: Interscience Publishers, New York _c1961 |
||
| 300 |
_axxiv, 658 p. : _bill. ; _c23 cm. |
||
| 490 | 1 |
_aMicrowave Research Institute symposia series ; _v10 |
|
| 504 | _aIncludes bibliographies. | ||
| 650 | 0 |
_aElectronics _9215343 |
|
| 700 | 1 |
_aFox, Jerome. _9215322 |
|
| 830 | 0 |
_aMicrowave Research Institute symposia series ; _v10. _9215352 |
|
| 942 |
_2ddc _cBK |
||
| 999 |
_c72806 _d72806 |
||